000 00293nam a2200121Ia 4500
008 220204s9999 xx 000 0 und d
082 _a631.4(038)
_bPLA
100 _aCailleux, A
245 0 _aDictionary of soils
260 _aNew York
_bAmerind
_c1981
700 _aPlaisance, G
942 _cBK
999 _c36490
_d36490